IVA-Regímenes de retención de percepción y de pagos a cuenta(2º parte) (Registro nro. 15421)
[ vista simple ]
| 000 -LEADER | |
|---|---|
| fixed length control field | 00376 a2200121 4500 |
| 001 - CONTROL NUMBER | |
| control field | ART_18881 |
| 005 - DATE AND TIME OF LATEST TRANSACTION | |
| control field | 20260410161704.0 |
| 008 - FIXED-LENGTH DATA ELEMENTS--GENERAL INFORMATION | |
| fixed length control field | 260409a |
| 100 1# - MAIN ENTRY--PERSONAL NAME | |
| Personal name | Oklander, Juan |
| 245 10 - TITLE STATEMENT | |
| Title | IVA-Regímenes de retención de percepción y de pagos a cuenta(2º parte) |
| 700 1# - ADDED ENTRY--PERSONAL NAME | |
| Personal name | Pérez, Carlos |
| 773 0# - HOST ITEM ENTRY | |
| Title | Revista Impuestos |
| Related parts | - Nº 11 (oct. 2010) |
| Record control number | REV639 |
No hay ítems disponibles.